000 00351 a2200169 4500
001 183484
020 _a85-322-1756-7
040 _cMagnum
100 _aRocha, Ruth
240 1 0 _aQuando eu for grande
_lpor
245 1 0 _aQuando eu for grande
300 _a22
362 0 _a1999
440 1 _aFTD
697 _aLITERATURA INFANTIL
942 _cBK
999 _c183484
_d183484